Trouvez le nom de l'acteur - Série 01 - Statistiques

Statistiques générales
  • Ce quiz a été pris 107 fois
  • Le résultat moyen est 5 sur 10
Statistiques - réponses
Films Acteur % Correct
Tchao Pantin - Banzaï - Le maître d'école Coluche
87%
Le placard - Les sous doués - Jean de Florette Daniel Auteuil
87%
Le samouraï - Les granges brûlées - La piscine Alain Delon
84%
Tchao Pantin - La vérité si je mens - Inspecteur la bavure Richard Anconina
62%
Un éléphant ça trompe énormément - Le crabe tambour - Le cavaleur Jean Rochefort
51%
Les choses de la vie - Max et les ferrailleurs - Habemus papam Michel Piccoli
47%
Les galettes de Pont Aven - Coup de torchon - Tous les matins du monde Jean Pierre Marielle
43%
Boudu sauvé des eaux - Fric frac - L'atalante Michel Simon
34%
Adieu poulet - Un éléphant ça trompe énormément - Dupont Lajoie Victor Lanoux
29%
La femme infidèle - Les misérables - Poulet au vinaigre Michel Bouquet
8%
Aucun quiz correspondant
Distribution des résultats
% des personnes avec chaque résultat
Percentile par nombre de réponses
Votre historique - résultats
Vous n’avez pas pris ce quiz